| 000 | 00346nam a2200145Ia 4500 | ||
|---|---|---|---|
| 008 | 230917s9999||||xx |||||||||||||| ||und|| | ||
| 040 |
_e48055 _aMAIN |
||
| 041 | _aEnglish | ||
| 082 | _a852.1 D235D | ||
| 100 | _aAlighieri, Dante | ||
| 245 | 0 | _aDivine comedy | |
| 260 |
_aNew York _bModern Library _c1959 |
||
| 300 | _axx, 351 p. | ||
| 942 | _cBK | ||
| 999 |
_c118617 _d118617 |
||